000 00931nam0a22002771 4500
001 rc\4482891
005 20250612095042.0
021 _aRU
_b[62-29389]
035 _a(NLR Aleph) 008603485
090 _a8718861
_c8718861
100 _a20130416d1962 |||y0rusy50 ca
101 0 _arus
102 _aRU
105 _aa z |||||
200 1 _aОсновы теплотехники
210 _aМосква
_cТрансжелдориздат
_d1962
215 _a232 с.
_cчерт.
_d22
300 _aПеред загл. авт.: В.Т. Кумсков, М.Г. Маханько, кандидаты техн. наук
606 _aТеплотехника
_2psbo
700 1 _aКумсков
_bВ.Т.
_gВиктор Тимофеевич
701 1 _aМаханько
_bМ.Г.
_gМихаил Георгиевич
801 0 _aRU
_bNLR
_gpsbo
801 1 _aRU
_bELAR
_2rusmarc
852 _aNLR
_j62-5/2339
942 _cBOOK
980 _aNB